00826nam a2200253Ia 450000500170000000800410001702000180005802000150007610000320009124500460012325000360016930000250020549000200023065000360025065000400028665000480032665000320037426400320040633600270043833700330046533800280049804000350052608400110056120220317001448.0161108s1993 ck g 000 f s  a9789584238443 a95842384421 aMastretta, Ángelesd1949-10aArráncame la vidac Ángeles Mastretta a1a. edición, 1a reimpresión a238 páginasc19 cm aBooket : novela142LEMBaNovela mexicanaySiglo XX142LEMBaLiteratura mexicanaySiglo XX142LEMBaRelaciones de pareja en la literatura142LEMBaAmor en la literatura aBogotábSeix Barralc1993 atextobtxt2rdacontent asin mediaciónbn2rdamedia avolumenbnc2rdacarrier aCO-BoRNBPbspaerdacCO-BoRNBP aN MAS1